| Tag |
First Indicator |
Second Indicator |
Subfields |
| LEADER |
00000cam a22000008a 4500 |
| 001 |
in00000077803 |
| 005 |
20151008053845.0 |
| 008 |
810804s1981 nyu b 00110 eng |
| 010 |
|
|
|a 81013536
|
| 020 |
|
|
|a 0671241230
|
| 035 |
|
|
|a (OCoLC)07741480
|
| 035 |
|
|
|9 AAH8869AM
|
| 039 |
0 |
|
|a 2
|b 3
|c 3
|d 3
|e 3
|
| 040 |
|
|
|a DLC
|c DLC
|d TXA
|d UtOrBLW
|
| 049 |
|
|
|a TXAM
|c [1195939]
|
| 050 |
0 |
0 |
|a HD57.7
|b .M32
|
| 082 |
0 |
|
|a 658.4/092
|2 19
|
| 100 |
1 |
|
|a Maccoby, Michael,
|d 1933-
|
| 245 |
1 |
4 |
|a The leader :
|b a new face for american management /
|c Michael Maccoby.
|
| 263 |
|
|
|a 8111
|
| 264 |
|
1 |
|a New York, N.Y. :
|b Simon and Schuster,
|c [1981]
|
| 264 |
|
4 |
|c ©1981
|
| 300 |
|
|
|a 284 pages ;
|c 23 cm.
|
| 336 |
|
|
|a text
|b txt
|2 rdacontent
|
| 337 |
|
|
|a unmediated
|b n
|2 rdamedia
|
| 338 |
|
|
|a volume
|b nc
|2 rdacarrier
|
| 504 |
|
|
|a Includes bibliographical references and index.
|
| 650 |
|
0 |
|a Leadership.
|
| 650 |
|
0 |
|a Organizational effectiveness.
|
| 999 |
|
|
|a MARS
|
| 999 |
f |
f |
|s 1a7571bd-f0b2-3b98-9e22-25b27262a218
|i 7a9990b1-4630-356b-ba4a-1d3f904b03ef
|t 0
|
| 952 |
f |
f |
|p ric
|a Texas A&M University
|b Rellis Campus
|c Joint Library Facility
|d Remote Storage
|t 0
|e HD57.7 .M32
|h Library of Congress classification
|i unmediated -- volume
|m A14823710370
|
| 998 |
f |
f |
|a HD57.7 .M32
|t 0
|l Remote Storage
|